000 01195cam a2200289 4500
001 ABS63603
008 000000n2001 000 0 eng u
035 _a(Sirsi) u111117
100 _aWorthington, J.
245 _aAccommodating change - emerging real estate strategies
260 _c2001
490 _aJournal of Corporate Real Estate
_v3(1) 2001, 81-95(14)
520 _aExplores the way information technology has impacted on the working environment, and the challenge to the commercial property market to supply a flexible environment that provides the space and services to satisfy a customer's needs. Concludes that the property industry is moving away from just selling property to a more integrated role of total service provision. References.
590 _aABS
650 _aFLEXIBILITY
650 _aFLEXIBLE WORKSPACE
650 _aCORPORATE PROPERTY
650 _aOFFICES
650 _aProperty management
_96262
650 _aOCCUPIERS REQUIREMENTS
650 _aOUTSOURCING
650 _aMANAGEMENT-BUSINESS MANAGEMENT-INFORMATION MANAGEMENT
650 _aTENANTS
650 _aCHANGE
690 _aPROPERTY MANAGEMENT-CORPORATE REAL ESTATE
942 _n0
999 _c66205
_d66205